I'm Back- girl in red - Statistics

General Stats
  • This quiz has been taken 25 times
  • The average score is 207 of 269
Answer Stats
Answer % Correct
back,
100%
back
100%
feel
100%
I
100%
I'm
100%
like
100%
Like
100%
my
100%
a
90%
alive
90%
be
90%
being
90%
'cause
90%
dark
90%
die
90%
for
90%
get
90%
go
90%
gone
90%
help
90%
it
90%
It
90%
it,
90%
It's
90%
it's
90%
love
90%
minute
90%
myself
90%
to
90%
was
90%
went
90%
when
90%
Yeah,
90%
doesn't
80%
girl
80%
heart,
80%
in
80%
little
80%
not
80%
now,
80%
now
80%
of
80%
sad
80%
so
80%
stop
80%
that
80%
the
80%
Time
80%
time
80%
wanna
80%
wanted
80%
all
70%
Always
70%
always
70%
amazing
70%
and
70%
At
70%
better
70%
brain
70%
But,
70%
But
70%
by
70%
daisies
70%
did
70%
Didn't
70%
easy
70%
end
70%
ever
70%
far
70%
feeling
70%
feels
70%
field
70%
hey,
70%
if
70%
into
70%
is
70%
least
70%
life
70%
Living
70%
make
70%
me
70%
shower
70%
Sometimes
70%
than
70%
this
70%
This
70%
today
70%
took
70%
will
70%
world
70%
about
60%
allowing
60%
been
60%
believe
60%
bit
60%
can
60%
downs
60%
finding
60%
forget
60%
good
60%
grey
60%
hope
60%
I'd
60%
it'll
60%
laugh,
60%
lost
60%
Never
60%
On
60%
out
60%
over
60%
pass
60%
see
60%
something
60%
switch
60%
takes
60%
talking
60%
there's
60%
think
60%
ups
60%
what
60%
where
60%
as
50%
caught
50%
feather
50%
inadequate
50%
Life's
50%
light
50%
part
50%
spreads
50%
state
50%
track
50%
what-ifs
50%
without
50%
wouldn't
50%
you're
50%
around
40%
found
40%
'round
40%
steps,
40%
they're
40%
Tracing
40%
corner,
30%
follow
30%
have
30%
right
30%
seems
30%
know
20%
melancholic
20%
tendency,
20%
tragedy
20%
No matching quizzes found
Score Distribution
Percent of People with Each Score
Percentile by Number Answered
Your Score History
You have not taken this quiz